CFB wins by decade - Statistics

General Stats
  • This quiz has been taken 210 times
  • The average score is 44 of 60
Answer Stats
Hint Answer % Correct
90 Alabama
99%
103 Alabama
99%
124 Alabama
99%
91 Ohio State
96%
91 Ohio State
96%
102 Ohio State
96%
105 Ohio State
96%
88 Georgia
94%
98 Georgia
94%
100 Georgia
94%
96 Michigan
92%
89 Michigan
92%
93 Michigan
92%
86 Texas
91%
88 Texas
91%
110 Texas
91%
102 Florida
89%
100 Florida
89%
98 Miami
85%
92 Miami
85%
92 Miami
85%
96 Florida State
84%
102 Oklahoma
83%
91 Oklahoma
83%
110 Oklahoma
83%
109 Oklahoma
83%
76 USC
83%
93 USC
83%
86 Clemson
82%
117 Clemson
82%
101 Oregon
81%
76 LSU
78%
99 LSU
78%
91 Notre Dame
76%
75 Nebraska
71%
98 Nebraska
71%
103 Nebraska
71%
108 Nebraska
71%
77 Penn St
71%
96 Penn st
71%
89 Penn St
71%
97 Penn St
71%
86 Auburn
65%
99 Tennessee
65%
94 Texas A&M
65%
87 Florida St
58%
109 Florida St
58%
87 Colorado/Kansas St
56%
77 Ole Miss
55%
82 Arkansas
51%
102 Wisconsin
47%
95 TCU
40%
112 Boise St
36%
107 Boise State
36%
102 BYU
33%
98 Stanford
33%
76 Missouri
32%
99 Virginia Tech
31%
72 Arizona St
30%
90 Arizona St
30%
No matching quizzes found
Score Distribution
Percent of People with Each Score
Percentile by Number Answered
Your Score History
You have not taken this quiz